000 00496nam a2200181Ia 4500
008 090711s9999 xx 000 0 und d
082 _b17608
100 _aदास देवेश
245 _aरक्तराग
260 _c1965
300 _a270
600 _aदास देवेश
630 _aरक्तराग
700 _aदास देवेश
700 _aशास्त्री शंकर बा.
730 _aरक्तराग
942 _cBOOK
999 _c296072
_d296072